Mr two-bomb : (Record no. 76928)

MARC details
000 -LEADER
fixed length control field 00508nam a22001817a 4500
005 - DATE AND TIME OF LATEST TRANSACTION
control field 20130624160702.0
010 ## - LCCN (DPL NO)
LC control number ENG-107728
020 ## - INTERNATIONAL STANDARD BOOK NUMBER
International Standard Book Number 9788184984644
Terms of availability 350.00
035 ## - SYSTEM CONTROL NUMBER
System control number EN-91261
037 ## - SOURCE OF ACQUISITION
Source of stock number/acquisition DBAD/PUB
082 ## - DEWEY DECIMAL CLASSIFICATION NUMBER
Classification number N
100 ## - MAIN ENTRY--PERSONAL NAME
Personal name Coles, William
245 ## - TITLE STATEMENT
Title Mr two-bomb :
Statement of responsibility, etc by William Coles
Remainder of title based on a true story /
260 ## - PUBLICATION, DISTRIBUTION, ETC. (IMPRINT)
Place of publication, distribution, etc Pune
Name of publisher, distributor, etc Mehta Publishing House
Date of publication, distribution, etc 2013
270 ## - ADDRESS
Address 1941, Sadashiv Peth, Madiwale Colony
City Pune
Postal code 411030
300 ## - PHYSICAL DESCRIPTION
Extent 284p.
Dimensions 18cm(pbk)
942 ## - ADDED ENTRY ELEMENTS (KOHA)
Source of classification or shelving scheme Dewey Decimal Classification
Item type English Books
Call number suffix COL
Classification part N
Holdings
Withdrawn status Lost status Not for loan Collection code Home library Current library Date acquired Source of acquisition Cost, normal purchase price Full call number Barcode Copy number Cost, replacement price Koha item type
    Not For Loan Non-fiction D.B.Act.Division D.B.Act.Division 24/06/2013 DBAD/PUB 350.00 N COL EN-91261 1 350.00 English Books

© Delhi Public Library
Hit Counter
free hit counter